Films avec Robert De Niro par images - Statistiques

Statistiques générales
  • Ce quiz a été pris 120 fois
  • Le résultat moyen est 8 sur 16
Statistiques - réponses
Par images Hint Réponse % Correct
1980 Raging Bull
88%
1976 Taxi Driver
86%
1995 Heat
80%
1995 Casino
79%
1990 Les Affranchis
72%
1974 Le Parrain 2e partie
67%
2019 Joker
61%
2023 Killers of the Flower moon
50%
1984 Il était une fois en Amérique
46%
1991 Les nerfs à vif
40%
1982 La Valse des pantins
38%
1997 Jackie Brown
37%
1973 Mean Streets
35%
1990 L'Éveil
22%
2012 Happiness Therapy
16%
2025 The Alto Knights
14%
Aucun quiz correspondant
Distribution des résultats
% des personnes avec chaque résultat
Percentile par nombre de réponses
Votre historique - résultats
Vous n’avez pas pris ce quiz